Franchising model - paradigm of the enterpreneurship in 21 st. century

Salvato in:
Dettagli Bibliografici
Autore principale: Orgonáš, Jozef, 1957-
Natura: Capitolo di libro
Lingua:inglese
Soggetti:
Tags: Aggiungi Tag
Nessun Tag, puoi essere il primo ad aggiungerne!!

MARC

LEADER 00000nla a2200000 4500
001 0169813
005 20240502072937.3
041 0 |a eng 
044 |a SK 
245 1 0 |a Franchising model - paradigm of the enterpreneurship in 21 st. century  |c Jozef Orgonáš 
610 2 0 |a franšíza 
610 2 0 |a podnikanie 
610 2 0 |a podnikatelia 
610 2 0 |a trh 
610 2 0 |a konkurencia 
100 1 |a Orgonáš, Jozef, 1957-